Statistics for Game of Thrones Quiz

Click here to take the quiz!

General Stats

  • This quiz has been taken 10,431 times
  • The average score is 8 of 15

Answer Stats

Hint Answer % Correct
The Kingslayer's Real NameJaime Lannister
91%
Jon Snow's DirewolfGhost
90%
Catelyn's HouseTully
89%
Ned Starks Full NameEddard
88%
Capital of WesterosKings Landing
80%
The Hound's Real NameSandor Clegane
78%
The Fat Craven in The Nights WatchSamwell Tarly
70%
Daenerys's Oldest BrotherRhaegar Targaryen
60%
Words of House TyrellGrowing Strong
40%
Maestor at WinterfellMaestor Luwin
38%
Daenerys's Green DragonRhaegal
34%
Reply to 'My Sun and Stars'Moon of my Life
30%
Tyrion's First WifeTysha
22%
Joffrey's Sword Used In The Battle of BlackwaterHearteater
19%
Hodor's Real NameWalder
18%

Score Distribution

Percentile by Number Answered

Percent of People with Each Score

Your Score History

You have not taken this quiz